| 000 | 00361nam a22001697a 4500 | ||
|---|---|---|---|
| 005 | 20260209093857.0 | ||
| 020 | _a9789819974825 | ||
| 041 | _aEnglish | ||
| 082 | _a338.04 R21 MIT | ||
| 100 | _aMitra Jay | ||
| 245 | _aIndian Entrepreneurship | ||
| 250 | _a01 | ||
| 260 |
_aSingapore _bSpringer _c2021 |
||
| 300 | _a178 | ||
| 365 | _b1700.00 | ||
| 942 | _cBK | ||
| 999 |
_c176582 _d176582 |
||